| 000 | 00530nam a2200169 a 4500 | ||
|---|---|---|---|
| 005 | 20140412111226.0 | ||
| 008 | 011015s19uu xx 00 eng d | ||
| 020 | _a1-85737-091-0 | ||
| 050 |
_aREF 507 _bIl6 1992 |
||
| 100 | _aPollard, Micahel | ||
| 245 |
_aThe illustrated dictionary of : _bspace / _ccontributors: Michael Pollard; Felicity Trotman. |
||
| 260 |
_aUK : _bMerlion Publishing Ltd, _c1992. |
||
| 300 | _a160 p ; ill. | ||
| 440 | _aThe illustrated dictionary | ||
| 650 |
_aAstronomy _xDictionaries |
||
| 999 |
_c102036 _d102036 |
||